Statistics for Upside Down Country Names #2

Click here to take the quiz!

General Stats

  • This quiz has been taken 187 times
  • The average score is 16 of 20

Answer Stats

uʍop ǝpᴉsd∩Country% Correct
pɐɥƆChad
99%
nɹǝԀPeru
99%
ʇdʎƃƎEgypt
99%
ɐʎqᴉ˥Libya
98%
ɹǝƃᴉNNiger
98%
ɐɹɹopu∀Andorra
95%
nʇɐnuɐΛVanuatu
94%
ɐᴉsᴉun┴Tunisia
93%
ɯɐuʇǝᴉΛVietnam
90%
oɔᴉxǝWMexico
89%
oɔɔoɹoWMorocco
87%
sǝʌᴉplɐWMaldives
86%
ɐᴉuɐnɥʇᴉ˥Lithuania
76%
uɐʇsᴉʞᴉɾɐ┴Tajikistan
71%
ouᴉɹɐW uɐSSan Marino
70%
ɹɐɔsɐƃɐpɐWMadagascar
61%
ǝnbᴉqɯɐzoWMozambique
56%
spuɐlɹǝɥʇǝNNetherlands
47%
ɐᴉqɐɹ∀ ᴉpnɐSSaudi Arabia
43%
sǝʇɐʇS pǝʇᴉu∩United States
43%

Score Distribution

Percentile by Number Answered

Percent of People with Each Score

Your Score History

You have not taken this quiz